| 000 | 00876cam a2200265 i 4500 | ||
|---|---|---|---|
| 001 | bg | ||
| 003 | KOSZ 005 | ||
| 005 | 20200302122500.0 | ||
| 008 | 070726s1970 pl a f f |000 0 pol | ||
| 015 | _aPB 1970/6549 | ||
| 040 |
_aWA N _cKOSZ 005/HR _dKOSZ 005/HR |
||
| 080 | _a621.01 | ||
| 080 | _a621.88 | ||
| 080 | _a(076) | ||
| 100 | 1 |
_aŁysakowski, Edward _eAutor |
|
| 245 | 1 | 0 |
_aElementy maszyn : _bzbiór zadań. _nCz. 1, _pPołączenia / _cEdward Łysakowski. |
| 250 | _aWyd. 4. | ||
| 260 |
_aWarszawa : _bPaństwowe Wydawnictwo Naukowe, _c1970. |
||
| 300 |
_a215, [1] s. : _bil. ; _c23 cm. |
||
| 650 | 4 |
_aMaszyny _xbudowa i konstrukcje. |
|
| 655 | 4 | _aĆwiczenia i zadania | |
| 650 | 4 | _aPołączenia konstrukcyjne | |
| 856 |
_uhttp://koha.tu.koszalin.pl/cgi-bin/koha/opac-detail.pl?biblionumber=10593 _yKatalog online BPK |
||
| 942 |
_2UKD _cKS |
||
| 999 |
_c10593 _d10593 |
||